Every 100,000+ City in North Korea in Order - Statistics

General Stats
  • This quiz has been taken 22 times
    4 since last reset
  • The average score is 13 of 55
Answer Stats
Letter Population City % Correct
H 1,128,550 Hamhŭng
100%
P 3,662,288 Pyongyang
100%
A 329,093 Anju
33%
C 215,329 Ch'ŏllima
33%
C 837,014 Chongjin
33%
C 250,080 Chŏngju
33%
H 491,533 Haeju
33%
H 112,046 Hwangju
33%
H 263,680 Hyesan
33%
K 319,554 Kaechon
33%
K 582,024 Kaesong
33%
K 318,062 Kanggye
33%
K 226,088 Kangsŏ
33%
K 110,530 Kilju
33%
K 198,170 Kimchaek
33%
K 196,515 Kusŏng
33%
K 150,059 Kwaksan
33%
M 145,015 Manpo
33%
N 734,997 Nampo
33%
O 160,655 Ongjin
33%
P 166,886 Pukchŏng
33%
P 410,930 Pyŏngsŏng
33%
R 231,759 Rason
33%
R 102,090 Riwon
33%
S 447,013 Sariwŏn
33%
S 155,129 Sinch'ŏn
33%
S 229,358 Sinpo
33%
S 791,855 Sinŭiju
33%
S 150,352 Sŏnbong
33%
S 236,141 Songnim
33%
S 352,078 Sunchŏn
33%
T 115,305 Taean
33%
T 272,115 Tanchŏn
33%
T 104,614 Tongrim
33%
U 110,018 Ŭiju
33%
W 386,160 Wonsan
33%
C 106,311 Chŏnch'ŏn
0%
H 162,053 Hoeryŏng
0%
H 178,419 Huichon
0%
J 113,066 Jonchon
0%
K 122,971 Kangdong
0%
K 102,521 Kosan
0%
K 110,806 Kŭmya
0%
K 105,909 Kyongsong
0%
M 137,720 Munch'ŏn
0%
M 148,916 Musan
0%
P 142,516 P‘yŏngsan
0%
R 135,634 Ryongch'ŏn
0%
S 100,550 Sinanju
0%
S 115,507 Sinhŭng
0%
S 126,350 Sŏnch'ŏn
0%
S 190,024 Sukchŏn
0%
T 108,894 T'aechŏn
0%
T 252,193 Tŏkch'ŏn
0%
Y 103,140 Yŏnan
0%
No matching quizzes found
Score Distribution
Percent of People with Each Score
Percentile by Number Answered
Your Score History
You have not taken this quiz since the last reset